[Event "Sheffield Masters 2024"]
[Site "Sheffield ENG"]
[Date "2024.04.14"]
[Round "8.4"]
[White "Wall, Tim"]
[Black "Chow, Samuel"]
[Result "1-0"]
[WhiteTitle "FM"]
[BlackTitle "FM"]
[WhiteElo "2197"]
[BlackElo "2350"]
[WhiteNationality "ENG"]
[BlackNationality "AUS"]
[WhiteFideId "401641"]
[BlackFideId "3202992"]
[PlyCount "81"]
[FIDETournamentId "365382"]
[ChessResultsKey "909004"]
[Venue "GB Sheffield Chess Centre"]
[EventDate "2024.04.10"]

{ Event information: <a
href="https://www.irlchess.co/sheffield2024_allfiles/pairings_sheffield2024.html">Tournament
report</a>. }

1. e4 e6 2. d4 d5 3. e5 c5 4. c3 Nc6 5. Nf3 Qb6 6. Bd3 cxd4 7. O-O Bd7 8.
Re1 Nge7 9. h4 a6 10. h5 g6 11. Nbd2 gxh5 12. Nb3 dxc3 13. bxc3 Ng6 14.
Nbd4 Qc7 15. Rb1 Be7 16. Qe2 Rg8 17. Bd2 h4 18. Kh1 Na5 19. Ng5 Rg7 20. Nh3
b5 21. f4 Nc4 22. Bc1 Kd8 23. Qh5 Qa5 24. Bxc4 bxc4 25. f5 exf5 26. Bh6 Rg8
27. Ng5 Qxc3 28. Nxf7+ Kc7 29. Be3 h3 30. Qxh3 Qd3 31. e6 Bb5 32. Nxf5 d4
33. Qg3+ Kb6 34. Bxd4+ Ka5 35. Bc3+ Ka4 36. Qxd3 cxd3 37. Nxe7 Nxe7 38.
Re4+ Ka3 39. Rb3+ Kxa2 40. Rb2+ Ka3 41. Re1 1-0

[Event "Sheffield Masters 2024"]
[Site "Sheffield ENG"]
[Date "2024.04.14"]
[Round "8.5"]
[White "Pein, Jonathan"]
[Black "O'Gorman, Tom"]
[Result "0-1"]
[WhiteTitle "FM"]
[BlackTitle "FM"]
[WhiteElo "2247"]
[BlackElo "2321"]
[BlackICU "2342"]
[BlackClub "Dun Laoghaire"]
[WhiteNationality "ENG"]
[BlackNationality "IRL"]
[WhiteFideId "417092"]
[BlackFideId "2508249"]
[PlyCount "86"]
[FIDETournamentId "365382"]
[ChessResultsKey "909004"]
[Venue "GB Sheffield Chess Centre"]
[EventDate "2024.04.10"]

{ Event information: <a
href="https://www.irlchess.co/sheffield2024_allfiles/pairings_sheffield2024.html">Tournament
report</a>. }

1. e4 e5 2. Nf3 Nc6 3. Bc4 Bc5 4. d4 Bxd4 5. Nxd4 Nxd4 6. Be3 Nc6 7. Qg4
Qf6 8. Nc3 d6 9. Qe2 Be6 10. Nd5 Qd8 11. O-O-O Na5 12. Bd3 Ne7 13. Qd2 Bxd5
14. exd5 c5 15. dxc6 Naxc6 16. Be4 d5 17. Bxd5 Nxd5 18. Qxd5 O-O 19. Qxd8
Rfxd8 20. Rxd8+ Rxd8 21. Rd1 Rxd1+ 22. Kxd1 f5 23. f3 Kf7 24. Kd2 Ke6 25.
c4 a6 26. Kc3 f4 27. Bf2 Kf5 28. b4 e4 29. b5 Ne5 30. fxe4+ Kxe4 31. a4 g5
32. Ba7 h5 33. c5 axb5 34. axb5 g4 35. c6 bxc6 36. b6 h4 37. b7 Nd7 38.
b8=Q $4 (38. Kd2 $10) 38... Nxb8 39. Bxb8 Ke3 $19 40. Kc2 f3 41. gxf3 gxf3
42. Kd1 f2 43. Ba7+ Kf3 0-1

[Event "Sheffield Masters 2024"]
[Site "Sheffield ENG"]
[Date "2024.04.14"]
[Round "9.1"]
[White "O'Gorman, Tom"]
[Black "Nagy, Gabor"]
[Result "1-0"]
[WhiteTitle "FM"]
[BlackTitle "GM"]
[WhiteElo "2321"]
[BlackElo "2436"]
[WhiteICU "2342"]
[WhiteClub "Dun Laoghaire"]
[WhiteNationality "IRL"]
[BlackNationality "HUN"]
[WhiteFideId "2508249"]
[BlackFideId "737119"]
[PlyCount "129"]
[FIDETournamentId "365382"]
[ChessResultsKey "909004"]
[Venue "GB Sheffield Chess Centre"]
[EventDate "2024.04.10"]
[BlackFullName "Nagy, G&aacute;bor"]

{ Event information: <a
href="https://www.irlchess.co/sheffield2024_allfiles/pairings_sheffield2024.html">Tournament
report</a>. }

1. d4 Nf6 2. c4 e6 3. Nc3 d5 4. cxd5 exd5 5. Bg5 Be7 6. e3 h6 7. Bh4 c6 8.
Bd3 Ne4 9. Bxe7 Qxe7 10. Bxe4 dxe4 11. Nge2 O-O 12. Qc2 Bf5 13. O-O Bh7 14.
Rac1 Nd7 15. Rfd1 Rac8 16. Qa4 a6 17. Qa5 Rfd8 18. Na4 g5 19. Nec3 Bg6 20.
Nb6 Nxb6 21. Qxb6 Rd6 22. Qb3 Kh7 23. Qb4 Rc7 24. Na4 f6 25. Nb6 c5 26.
Rxc5 Rxc5 27. Qxc5 Qd8 28. Nc4 Rc6 29. Qb4 b5 30. Na5 Rc2 31. h3 Bh5 32.
Re1 Bf7 33. a4 bxa4 34. Nb7 Qd7 35. Nc5 Qb5 36. Qa3 Qxb2 37. Qxb2 Rxb2 38.
Nxa4 Rc2 39. Nc5 a5 40. Ra1 f5 41. Rxa5 Rc1+ 42. Kh2 Rc2 43. Ra7 Kg8 44.
Kg3 h5 45. h4 gxh4+ 46. Kxh4 Rxf2 47. Kg5 f4 48. exf4 Rxg2+ 49. Kf6 Rg6+
50. Kf5 e3 51. Re7 Rg3 52. Ne4 Bg6+ 53. Kf6 Bxe4 54. Rxe4 Rg4 55. d5 e2 56.
Rxe2 $2 (56. Re8+ Kh7 57. Kf5 Rg3 58. Rxe2 $18) 56... Rxf4+ $10 57. Ke7
Rf7+ $2 (57... h4 ({ or } 57... Kg7) 58. d6 Kg7 59. d7 Rf7+ 60. Kd6 Rxd7+
$1 61. Kxd7 Kf6 $10) 58. Ke6 Kf8 59. d6 Rf1 60. d7 Rd1 61. Re5 h4 62. Rf5+
Kg7 63. Rd5 Rxd5 64. Kxd5 h3 65. d8=Q 1-0